01158nam a2200289Ia 4500001001200000003000800012006001900020007001500039008004100054020002200095020001800117040002100135035002100156050002200177100002200199245008600221260004600307300004200353504006400395533015200459600004500611650002500656655002900681710001700710856012600727999001500853ebr10269235CaPaEBRm u cr cn|||||||||010130s2000 enkabch sb 001 0 eng d z0192854089 (pbk.) z9780192854087 aCaPaEBRcCaPaEBR a(OCoLC)42604946314aB485b.B35 2000eb1 aBarnes, Jonathan.10aAristotleh[electronic resource] :ba very short introduction /cJonathan Barnes. aOxford :bOxford University Press,c2000. a160 p. :bill., facsims., map, ports. aIncludes bibliographical references (p. 153-156) and index. aElectronic reproduction.bPalo Alto, Calif. :cebrary,d2009.nAvailable via World Wide Web.nAccess may be limited to ebrary affiliated libraries.00aAristotlexCriticism and interpretation. 0aPhilosophy, Ancient. 7aElectronic books.2local2 aebrary, Inc.40uhttp://site.ebrary.com/lib/rucke/Doc?id=10269235zAn electronic book accessible through the World Wide Web; click to view c8419d8419